Central Library OPAC University of Rajshahi

The probability integral / (Record no. 51446)

MARC details
000 -LEADER
fixed length control field 01115nam a2200289 a 4500
001 - CONTROL NUMBER
control field 51446
003 - CONTROL NUMBER IDENTIFIER
rucl marc code BD-RjUL
005 - DATE AND TIME OF LATEST TRANSACTION
control field 20211209075649.0
008 - FIXED-LENGTH DATA ELEMENTS--GENERAL INFORMATION
fixed length control field 160831s19681939e 000 0 eng en
035 ## - SYSTEM CONTROL NUMBER
System control number (BD-RjUL)51566
040 ## - CATALOGING SOURCE
Original cataloging agency IQU
Transcribing agency IQU
Modifying agency m.c.
-- BD-RjUL
-- RCD
-- RCD
Language of cataloging eng
041 ## - LANGUAGE CODE
Language code of text/sound track or separate title eng
082 ## - DEWEY DECIMAL CLASSIFICATION NUMBER
Classification number 515.43
Author mark and year SHP 1968
100 1# - MAIN ENTRY--PERSONAL NAME
Personal name Sheppard, W.F.
9 (RLIN) 153867
245 14 - TITLE STATEMENT
Title The probability integral /
Statement of responsibility, etc. by W.F. Sheppard; completed and edited by the Committee for the Calculation of Mathematical Tables
260 ## - PUBLICATION, DISTRIBUTION, ETC. (IMPRINT)
Place of publication, distribution, etc. Cambridge :
Name of publisher, distributor, etc. University Press,
Date of publication, distribution, etc. 1968
300 ## - PHYSICAL DESCRIPTION
Pagination xi, 34 p. ;
Size 29 cm.
490 1# - SERIES STATEMENT
Series statement Mathematical tables ; v. 7
500 ## - GENERAL NOTE
General note At head of title: British Association for the Advancement of Science.
650 #0 - SUBJECT ADDED ENTRY--TOPICAL TERM
Topical term or geographic name as entry element Integrals
9 (RLIN) 153797
Topical term or geographic name as entry element Probabilities
9 (RLIN) 153868
Topical term or geographic name as entry element Mathematics -- Tables
9 (RLIN) 153869
710 2# - ADDED ENTRY--CORPORATE NAME
Corporate name or jurisdiction name as entry element British Association for the Advancement of Science.
Subordinate unit Committee for the Calculation of Mathematical Tables.
9 (RLIN) 153799
830 #0 - SERIES ADDED ENTRY--UNIFORM TITLE
Uniform title Mathematical tables (British Association for the Advancement of Science) ;
Volume number/sequential designation v. 7
942 ## - ADDED ENTRY ELEMENTS (KOHA)
Source of classification or shelving scheme Dewey Decimal Classification
Koha item type Books
949 ## - LOCAL PROCESSING INFORMATION (OCLC)
a MYGS
Holdings
Lost status Source of classification or shelving scheme Damaged status Not for loan Collection code Permanent Location Current Location Shelving location Date acquired Source of acquisition Cost, normal purchase price Total Checkouts Full call number Date last seen Copy number Koha item type
  Dewey Decimal Classification     Non-fiction Central Library, University of Rajshahi Central Library, University of Rajshahi   13/05/1970 Zeithinger 28.00   515.43 SHP 1968 31/08/2016 C-2 Books
  Dewey Decimal Classification     Non-fiction Central Library, University of Rajshahi Central Library, University of Rajshahi   13/05/1970 Zeithinger 28.00   515.43 SHP 1968 31/08/2016 C-3 Books